000
00292nam a2200097Ia 4500
082
_a
629.283 PASS
245
0
_a
South African case study on social exclusion
100
_a
Rispel, L. C. Cape Town, South Africa, 2008
_9
29924
942
_c
BK
008
210817s9999 xx 000 0 und d
999
_c
299454
_d
299453